000 00538nam a22001937a 4500
003 KOHA_MİRAKIL
005 20251218115134.0
008 251218b tu ||||| |||| 00| 0 tur d
020 _a9786054639557
040 _aTR-AnABB
_btur
_cTR-AnABB
041 _atur
082 _a305.89
_bBAG 2013
100 1 _aBağlı, Mazhar,
245 1 0 _aÇokkültürlü vatandaşlık /
_cMazhar Bağlı
260 _aKonya :
_bÇizgi Kitabevi,
_c2013
300 _a171 sayfa ;
_c21 cm
650 0 4 _aÇok kültürlülük
942 _2ddc
_cBK
999 _c9775
_d9775
900 _bGizem YORULMAZ